|
|
|
|
| LEADER |
00000nam a22000007a 4500 |
| 005 |
2016022406166.0 |
| 007 |
cr|||| ||u| |
| 008 |
160224s2015 sp ||||| |||| 00||0 spa d |
| 020 |
|
|
|a 978-84-7351-462-0
|
| 035 |
|
|
|a 13123
|
| 040 |
|
|
|a vLex
|
| 090 |
|
|
|c 5930
|d 5930
|
| 245 |
1 |
0 |
|a Anl̀isis de las Conferencias Sectoriales (2001-2012)
|h [Recurso electrn̤ico] /
|b Valores y percepciones de los agentes polt̕icos y tčnicos y dinm̀ica de funcionamiento
|c Instituto Nacional de Administracin̤ Pb︢lica (INAP)
|
| 256 |
|
|
|a Servicio en ln̕ea
|
| 260 |
|
|
|a Espaą
|b Instituto Nacional de Administracin̤ Pb︢lica (INAP)
|c 2015
|
| 300 |
|
|
|a 1 recurso electrn̤ico
|
| 500 |
|
|
|a El presente trabajo tiene como m̀bito de estudio los mecanismos formales de relaciones intergubernamentales en el Estado de las Autonoma̕s, ms̀ concretamente las que se llevan a cabo a travš de las Conferencias Sectoriales. La investigacin̤ contempla los aspectos estructurales pero fundamentalmente el funcionamiento, la dinm̀ica y los resultados de estas Conferencias, as ̕como el papel que juegan como r̤ganos de cogobierno
|
| 506 |
1 |
|
|a Contenido solo disponible en los productos indicados
|d vLex Global
|d vLex Global (Academic Edition, excluding Law Schools)
|d vLex Global (U.S. Academic Edition, Law Schools)
|d vLex Global (U.S. Academic Edition, excluding Law Schools)
|d vLex Global (Academic Edition, Law Schools)
|
| 650 |
0 |
4 |
|a Derecho
|z Espaą
|
| 710 |
|
|
|a Instituto Nacional de Administracin̤ Pb︢lica (INAP)
|
| 740 |
0 |
|
|a vLex librors (servicio en ln̕ea)
|
| 856 |
4 |
0 |
|u http://vlex.com/source/analisis-de-las-conferencias-sectoriales-2001-2012--13123
|z Acceso restringido
|
| 942 |
|
|
|c BOOK
|
| 999 |
0 |
|
|a Law
|